Rozpoznaj polskie miasta po zdjęciach #10 - Statystyki

Ogólne statystyki
  • Ten quiz został rozwiązany 90 razy
  • Średni wynik to 2 z 8
Statystyki odpowiedzi
Obrazkowy Odpowiedź % Poprawnych
Oświęcim
93%
Ustka
21%
Ruda Śląska
12%
Kowary
11%
Prudnik
11%
Kępno
8%
Warka
4%
Międzyrzecz
3%
Nie znaleziono quizów pasujących do podanych kryteriów
Rozkład punktacji
Procent ludzi z każdym wynikiem
Percentyl według liczby udzielonych odpowiedzi
Twoja historia wyników
Nie rozwiązałeś tego quizu